| 000 | 00611nam a22001817a 4500 | ||
|---|---|---|---|
| 003 | BD-DhUL | ||
| 005 | 20211223142349.0 | ||
| 008 | 211221s1970 bg ||||| |||| 00| 0 ben d | ||
| 040 |
_aBD-DhUL _cBD-DhUL |
||
| 082 |
_a891.443 _bHAB |
||
| 100 | 1 | _aহাসানাত, আবুল। | |
| 245 | 0 | 0 |
_aবিহঙ্গমন / _cআবুল হাসানাত। |
| 260 |
_aঢাকা : _bবর্ণমিছিল, _c১৯৭০। |
||
| 300 |
_a১৪৯ পৃ. ; _c২১ সেমি. |
||
| 650 | 4 | _aবাংলা উপন্যাস | |
| 650 | 4 | _aBengali fiction | |
| 942 |
_2ddc _cBK |
||
| 999 |
_c255058 _d255058 |
||